[Event "SE-2022-0-00025"]
[Site "LSS email"]
[Date "2022.06.03"]
[Round "?"]
[White "Obrien, Glenn"]
[Black "Grimm, Wolfgang"]
[Result "0-1"]
[WhiteElo "1263"]
[BlackElo "1389"]
[PlyCount "32"]
[EventDate "2021.04.09"]
[EventType "tourn (corr)"]
[EventRounds "6"]
[EventCountry "GER"]
[SourceTitle "Corr 2024"]
[Source "ChessBase"]
[SourceDate "2023.10.19"]
[SourceVersion "1"]
[SourceVersionDate "2023.10.19"]
[SourceQuality "1"]

1. e4 e6 2. d4 Nf6 3. e5 Nd5 4. c4 Nb6 5. Nc3 d6 6. Nf3 dxe5 7. c5 N6d7 8. dxe5 Be7 9. b4 0-0 10. Bb5 a6 11. Bxd7 Nxd7 12. Qb3 a5 13. Be3 axb4 14. Qxb4 b6 15. Qe4 Ra3 16. Nb1 f5 0-1

[Event "SE-2022-0-00025"]
[Site "LSS email"]
[Date "2022.06.03"]
[Round "?"]
[White "Raines, David"]
[Black "Obrien, Glenn"]
[Result "1-0"]
[WhiteElo "1237"]
[BlackElo "1263"]
[PlyCount "51"]
[EventDate "2021.04.09"]
[EventType "tourn (corr)"]
[EventRounds "6"]
[EventCountry "GER"]
[SourceTitle "Corr 2024"]
[Source "ChessBase"]
[SourceDate "2023.10.19"]
[SourceVersion "1"]
[SourceVersionDate "2023.10.19"]
[SourceQuality "1"]

1. Nf3 d5 2. d4 Nf6 3. c4 c6 4. cxd5 cxd5 5. Nc3 Nc6 6. Bg5 e6 7. e3 Be7 8. Rc1 0-0 9. Bd3 h6 10. Bh4 a6 11. 0-0 Bd7 12. Ne5 Rc8 13. Nxd7 Nxd7 14. Bg3 Nb4 15. Bb1 Nb6 16. a3 Nc6 17. Qc2 f5 18. Qe2 Na5 19. Bd3 Nbc4 20. Bxc4 Nxc4 21. f3 Bd6 22. Bf2 Qb6 23. Rc2 Qc7 24. g3 Nxb2 25. Rxb2 Qxc3 26. Rxb7 1-0

[Event "OP-2022-0-05282"]
[Site "LSS email"]
[Date "2022.04.23"]
[Round "?"]
[White "Obrien, Glenn"]
[Black "Correa de Almeida, Claudio"]
[Result "0-1"]
[WhiteElo "1290"]
[BlackElo "1440"]
[PlyCount "120"]
[EventDate "2022.04.20"]
[EventType "tourn (corr)"]
[EventRounds "4"]
[EventCountry "GER"]
[SourceTitle "Corr 2024"]
[Source "ChessBase"]
[SourceDate "2023.10.19"]
[SourceVersion "1"]
[SourceVersionDate "2023.10.19"]
[SourceQuality "1"]

1. e4 c5 2. Nf3 Nc6 3. d4 cxd4 4. Nxd4 Nf6 5. Nc3 e5 6. Ndb5 d6 7. Bg5 a6 8. Na3 b5 9. Nd5 Be7 10. Bxf6 Bxf6 11. c3 0-0 12. Nc2 Be6 13. a4 Bxd5 14. exd5 Ne7 15. axb5 axb5 16. Rxa8 Qxa8 17. Nb4 Qb7 18. Bd3 Ng6 19. Bxg6 hxg6 20. Nc6 Qa8 21. 0-0 Qa2 22. Qd3 Qxb2 23. Rb1 e4 24. Qxe4 Qxc3 25. Qb4 Re8 26. Qxc3 Bxc3 27. f3 b4 28. Rb3 Ra8 29. Rb1 Kh7 30. Kf1 f5 31. g4 Ra2 32. Nxb4 Rxh2 33. Rb3 Bf6 34. Nc6 Rd2 35. Rb5 Bh4 36. gxf5 gxf5 37. Rb4 Bg5 38. Rd4 Ra2 39. Rd3 g6 40. Nb4 Rb2 41. Nc6 Kh6 42. Nd4 Ra2 43. Ke1 Bf6 44. Ne6 g5 45. Re3 Kh5 46. Rd3 Kh4 47. Re3 f4 48. Rb3 Kg3 49. Kd1 Ra5 50. Rd3 Ra1+ 51. Ke2 Ra2+ 52. Kd1 Rf2 53. Nc7 Rxf3 54. Rd2 Rb3 55. Ne8 Be5 56. Nxd6 Bxd6 57. Kc2 Rb4 58. Rd1 f3 59. Rg1+ Kh2 60. Rd1 f2 0-1

[Event "OP-2022-0-05282"]
[Site "LSS email"]
[Date "2022.04.23"]
[Round "?"]
[White "Utrera, Leif"]
[Black "Obrien, Glenn"]
[Result "1-0"]
[WhiteElo "2347"]
[BlackElo "1290"]
[PlyCount "73"]
[EventDate "2022.04.20"]
[EventType "tourn (corr)"]
[EventRounds "4"]
[EventCountry "GER"]
[SourceTitle "Corr 2024"]
[Source "ChessBase"]
[SourceDate "2023.10.19"]
[SourceVersion "1"]
[SourceVersionDate "2023.10.19"]
[SourceQuality "1"]

1. e4 e5 2. Nf3 Nc6 3. Bb5 a6 4. Ba4 Nf6 5. 0-0 Be7 6. Re1 b5 7. Bb3 0-0 8. h3 d6 9. c3 Na5 10. Bc2 c5 11. d4 Qc7 12. d5 Bd7 13. b3 Nb7 14. Kh2 Qa5 15. Be3 Rac8 16. a4 Rfe8 17. Qe2 h6 18. Na3 bxa4 19. bxa4 c4 20. Nxc4 Qxc3 21. Bd3 Nxe4 22. Rec1 Qb4 23. Rab1 Qxa4 24. Rxb7 Nc5 25. Nb6 Nxb7 26. Nxa4 Rxc1 27. Bxc1 Bxa4 28. Qe4 Kf8 29. Qxa4 Nc5 30. Qc4 Rb8 31. Ba3 Nxd3 32. Qxd3 Rd8 33. Qh7 Bf6 34. Nd2 Ke7 35. Ne4 a5 36. h4 Rd7 37. Nxd6 1-0

[Event "SE-2022-0-00334"]
[Site "LSS email"]
[Date "2022.04.21"]
[Round "?"]
[White "Obrien, Glenn"]
[Black "Grimm, Wolfgang"]
[Result "0-1"]
[WhiteElo "1302"]
[BlackElo "1379"]
[PlyCount "54"]
[EventDate "2021.09.15"]
[EventType "tourn (corr)"]
[EventRounds "6"]
[EventCountry "GER"]
[SourceTitle "Corr 2024"]
[Source "ChessBase"]
[SourceDate "2023.10.19"]
[SourceVersion "1"]
[SourceVersionDate "2023.10.19"]
[SourceQuality "1"]

1. e4 e6 2. d4 Nf6 3. e5 Ne4 4. Bd3 d5 5. Nd2 f5 6. exf6 Nxf6 7. Ngf3 Bd6 8. Ne5 c5 9. c3 cxd4 10. cxd4 0-0 11. 0-0 Nc6 12. Ndf3 Nb4 13. Bb1 Qc7 14. Re1 Nc6 15. Bg5 a5 16. Bh4 Bb4 17. Re2 Nxe5 18. dxe5 Nh5 19. Rc2 Qd7 20. Ng5 g6 21. g4 Nf4 22. Bg3 Qe7 23. h4 h6 24. Nf3 b6 25. Nd4 Qf7 26. Nc6 Bc5 27. Rd2 Ba6 0-1

[Event "OP-2022-0-05263"]
[Site "LSS email"]
[Date "2022.03.01"]
[Round "?"]
[White "Correa de Almeida, Claudio"]
[Black "Obrien, Glenn"]
[Result "1-0"]
[WhiteElo "1435"]
[BlackElo "1255"]
[PlyCount "55"]
[EventDate "2022.02.25"]
[EventType "tourn (corr)"]
[EventRounds "4"]
[EventCountry "GER"]
[SourceTitle "Corr 2024"]
[Source "ChessBase"]
[SourceDate "2023.10.19"]
[SourceVersion "1"]
[SourceVersionDate "2023.10.19"]
[SourceQuality "1"]

1. d4 Nf6 2. Bg5 Ne4 3. Bf4 c5 4. f3 Qa5+ 5. c3 Nf6 6. d5 Qb6 7. Bc1 e6 8. e4 exd5 9. exd5 Be7 10. c4 0-0 11. Bd3 d6 12. Nc3 Nbd7 13. Nge2 Ne5 14. 0-0 Nxd3 15. Qxd3 Re8 16. Ng3 Nd7 17. f4 Bf6 18. Nce4 Bd4+ 19. Be3 Nf6 20. Bxd4 cxd4 21. Nxf6+ gxf6 22. Ne4 Kg7 23. Qg3+ Kh8 24. Nxf6 Rd8 25. Qd3 Kg7 26. Qxh7+ Kxf6 27. Rae1 d3+ 28. Kh1 1-0

[Event "LSS No Engine Cup 225 Preliminary 0"]
[Site "LSS email"]
[Date "2022.02.02"]
[Round "?"]
[White "Ramponelli, Roberto"]
[Black "Obrien, Glenn"]
[Result "0-1"]
[WhiteElo "1560"]
[BlackElo "1651"]
[PlyCount "52"]
[EventDate "2022.02.02"]
[EventType "tourn (corr)"]
[EventRounds "6"]
[EventCountry "GER"]
[SourceTitle "Corr 2024"]
[Source "ChessBase"]
[SourceDate "2023.10.19"]
[SourceVersion "1"]
[SourceVersionDate "2023.10.19"]
[SourceQuality "1"]

1. d4 Nf6 2. c4 e6 3. Nc3 Bb4 4. Qb3 c5 5. dxc5 Nc6 6. Nf3 Ne4 7. Bd2 Nxd2 8. Nxd2 Bxc5 9. e3 0-0 10. Be2 b6 11. 0-0 Bb7 12. Nde4 Be7 13. Rad1 Na5 14. Qc2 f5 15. Nd6 Bxd6 16. Rxd6 Qg5 17. f3 Qxe3+ 18. Kh1 Bc6 19. Rfd1 Qc5 20. Na4 Qf2 21. b4 Nxc4 22. Qxc4 Bxa4 23. R1d2 Rac8 24. Qa6 Rc1+ 25. Bd1 Qe1+ 26. Qf1 Qxf1# 0-1

[Event "OP-2022-0-05240"]
[Site "LSS email"]
[Date "2022.01.21"]
[Round "?"]
[White "Obrien, Glenn"]
[Black "Lombardi, Donato"]
[Result "1-0"]
[WhiteElo "1260"]
[BlackElo "818"]
[PlyCount "55"]
[EventDate "2022.01.09"]
[EventType "tourn (corr)"]
[EventRounds "4"]
[EventCountry "GER"]
[SourceTitle "Corr 2024"]
[Source "ChessBase"]
[SourceDate "2023.10.19"]
[SourceVersion "1"]
[SourceVersionDate "2023.10.19"]
[SourceQuality "1"]

1. e4 e6 2. d4 d5 3. Nc3 Nf6 4. Bg5 Be7 5. e5 Nfd7 6. Bxe7 Qxe7 7. f4 a6 8. Nf3 c5 9. dxc5 Qxc5 10. Qd2 Nc6 11. 0-0-0 0-0 12. Bd3 h6 13. g4 b5 14. g5 h5 15. g6 f6 16. exf6 Nxf6 17. Ng5 Nb4 18. Rhe1 Nxd3+ 19. Qxd3 Bd7 20. Nxe6 Bxe6 21. Rxe6 Rae8 22. Rxa6 Re3 23. Qf5 Ng4 24. Qxh5 Rfe8 25. Qh7+ Kf8 26. Qh8+ Ke7 27. Qxg7+ Kd8 28. Ra8+ 1-0

[Event "LSS No Engine Cup 224 Preliminary 0"]
[Site "LSS email"]
[Date "2022.01.08"]
[Round "?"]
[White "Schleef, Harald"]
[Black "Obrien, Glenn"]
[Result "1-0"]
[WhiteElo "2369"]
[BlackElo "1665"]
[PlyCount "75"]
[EventDate "2022.01.08"]
[EventType "tourn (corr)"]
[EventRounds "6"]
[EventCountry "GER"]
[SourceTitle "Corr 2024"]
[Source "ChessBase"]
[SourceDate "2023.10.19"]
[SourceVersion "1"]
[SourceVersionDate "2023.10.19"]
[SourceQuality "1"]

1. Nf3 d5 2. d4 Nf6 3. c4 c6 4. Qb3 dxc4 5. Qxc4 Bf5 6. g3 e6 7. Bg2 Nbd7 8. Nc3 Be7 9. 0-0 0-0 10. e3 Ne4 11. Qe2 Nxc3 12. bxc3 Be4 13. c4 c5 14. Rd1 Qc7 15. Bb2 Rfd8 16. Rac1 Rac8 17. d5 exd5 18. cxd5 Nb6 19. Be5 Bd6 20. Nd4 Bxe5 21. Nb5 Qd7 22. Bxe4 f5 23. Bg2 a6 24. Nc3 Bxc3 25. Rxc3 Na4 26. Rcc1 c4 27. Bh3 g5 28. e4 g4 29. Bg2 fxe4 30. d6 Re8 31. Bxe4 b5 32. Rd5 Nc5 33. Rg5+ Kf7 34. Bd5+ Kf6 35. Qd2 Nd3 36. Rh5 Kg7 37. Qc3+ Ne5 38. Rxe5 1-0